[Event "GER GM08-B email"]
[Site "GER email"]
[Date "2019.06.19"]
[Round "?"]
[White "Dunlop, Gordon"]
[Black "Repp, Heinrich"]
[Result "1/2-1/2"]
[WhiteElo "2536"]
[BlackElo "2513"]
[PlyCount "96"]
[EventDate "2019.??.??"]
[EventType "tourn (corr)"]
[EventRounds "13"]
[EventCountry "GER"]
[SourceTitle "Corr 2022"]
[Source "ChessBase"]
[SourceDate "2021.10.24"]
[SourceVersion "1"]
[SourceVersionDate "2021.10.24"]
[SourceQuality "1"]

1. c4 Nf6 2. d4 e6 3. Nf3 d5 4. Nc3 c6 5. Bg5 h6 6. Bh4 dxc4 7. e4 g5 8. Bg3 b5 9. Be2 Bb7 10. h4 g4 11. Ne5 Nbd7 12. Nxd7 Qxd7 13. Be5 Qe7 14. b3 Rg8 15. Qc2 b4 16. Na4 Nd7 17. Bg3 c3 18. a3 a5 19. 0-0 h5 20. e5 Bh6 21. Rfd1 Rd8 22. axb4 axb4 23. Qh7 Rg6 24. Bd3 Nf8 25. Qh8 Bg7 26. Qxh5 Rxd4 27. Bc2 c5 28. Nb6 Rh6 29. Qg5 Qxg5 30. hxg5 Rxd1+ 31. Bxd1 Rh5 32. Ra7 Ng6 33. Rxb7 Bxe5 34. Bxe5 Nxe5 35. Rc7 Rxg5 36. Kf1 Rh5 37. Rxc5 Rh1+ 38. Ke2 Nd3 39. Kxd3 Rxd1+ 40. Ke4 Re1+ 41. Kf4 f5 42. f3 Ke7 43. fxg4 fxg4 44. Rc4 Rb1 45. Kxg4 Rxb3 46. g3 Ra3 47. Rxb4 Ra6 48. Rc4 Rxb6 1/2-1/2

[Event "GER GM08-B email"]
[Site "GER email"]
[Date "2019.06.19"]
[Round "?"]
[White "Papenfuss, Ingo"]
[Black "Repp, Heinrich"]
[Result "1/2-1/2"]
[WhiteElo "2480"]
[BlackElo "2513"]
[PlyCount "85"]
[EventDate "2019.??.??"]
[EventType "tourn (corr)"]
[EventRounds "13"]
[EventCountry "GER"]
[SourceTitle "Corr 2022"]
[Source "ChessBase"]
[SourceDate "2021.10.24"]
[SourceVersion "1"]
[SourceVersionDate "2021.10.24"]
[SourceQuality "1"]

1. e4 e5 2. Nf3 Nc6 3. Bb5 a6 4. Ba4 Nf6 5. 0-0 Be7 6. Re1 b5 7. Bb3 0-0 8. c3 d5 9. exd5 Nxd5 10. Nxe5 Nxe5 11. Rxe5 c6 12. d3 Bd6 13. Re1 Bf5 14. Qf3 Qf6 15. Nd2 Qg6 16. Bd1 Bxd3 17. Ne4 Bxe4 18. Qxe4 f5 19. Qe6+ Qxe6 20. Rxe6 Rfe8 21. Rxe8+ Rxe8 22. Kf1 a5 23. g3 a4 24. Bd2 Nf6 25. Bc2 g6 26. Re1 Kf7 27. c4 Rxe1+ 28. Bxe1 a3 29. cxb5 axb2 30. Bc3 cxb5 31. Bxb2 Ne8 32. Bb3+ Ke7 33. Bc1 Kf6 34. Be3 Nc7 35. Ke2 Ne6 36. Bd5 Ke5 37. Bc6 Nd4+ 38. Bxd4+ Kxd4 39. Bxb5 g5 40. Bd3 Ke5 41. a4 Bc7 42. Bc4 f4 43. Kf3 1/2-1/2

[Event "GER GM08-B email"]
[Site "GER email"]
[Date "2019.06.19"]
[Round "?"]
[White "Repp, Heinrich"]
[Black "Delizia, Costantino"]
[Result "1/2-1/2"]
[WhiteElo "2513"]
[BlackElo "2501"]
[PlyCount "34"]
[EventDate "2019.??.??"]
[EventType "tourn (corr)"]
[EventRounds "13"]
[EventCountry "GER"]
[SourceTitle "Corr 2022"]
[Source "ChessBase"]
[SourceDate "2021.10.24"]
[SourceVersion "1"]
[SourceVersionDate "2021.10.24"]
[SourceQuality "1"]

1. d4 d5 2. c4 c6 3. Nf3 Nf6 4. e3 e6 5. Nbd2 Nbd7 6. Bd3 Bd6 7. 0-0 0-0 8. Qc2 e5 9. dxe5 Nxe5 10. Nxe5 Bxe5 11. cxd5 cxd5 12. Nf3 Bd6 13. h3 Qe7 14. Rd1 Ne4 15. Bd2 Bd7 16. Be1 Rfd8 17. Bf1 Rac8 1/2-1/2

[Event "GER GM08-B email"]
[Site "GER email"]
[Date "2019.06.19"]
[Round "?"]
[White "Repp, Heinrich"]
[Black "Mauritsson, Sebastian"]
[Result "1/2-1/2"]
[WhiteElo "2513"]
[BlackElo "2507"]
[PlyCount "51"]
[EventDate "2019.??.??"]
[EventType "tourn (corr)"]
[EventRounds "13"]
[EventCountry "GER"]
[SourceTitle "Corr 2022"]
[Source "ChessBase"]
[SourceDate "2021.10.24"]
[SourceVersion "1"]
[SourceVersionDate "2021.10.24"]
[SourceQuality "1"]

1. d4 d5 2. c4 c6 3. Nf3 Nf6 4. e3 e6 5. Nbd2 Nbd7 6. b3 Bd6 7. Bb2 0-0 8. Bd3 b6 9. 0-0 Bb7 10. Re1 c5 11. cxd5 Nxd5 12. Nc4 Be7 13. Bf1 N5f6 14. Qe2 a6 15. Red1 cxd4 16. Bxd4 b5 17. Nce5 Ba3 18. Bb2 Bxb2 19. Qxb2 Qe7 20. a4 Bd5 21. axb5 Nxe5 22. Nxe5 axb5 23. Bxb5 Qb7 24. Bf1 Qxb3 25. Qxb3 Bxb3 26. Rdb1 1/2-1/2

[Event "GER GM07-B email"]
[Site "GER email"]
[Date "2018.06.19"]
[Round "?"]
[White "Bubir, Alex Nikolaevich"]
[Black "Repp, Heinrich"]
[Result "1/2-1/2"]
[WhiteElo "2536"]
[BlackElo "2510"]
[PlyCount "65"]
[EventDate "2018.??.??"]
[EventType "tourn (corr)"]
[EventRounds "13"]
[EventCountry "GER"]
[SourceTitle "Corr 2020"]
[Source "ChessBase"]
[SourceDate "2019.09.30"]
[SourceVersion "1"]
[SourceVersionDate "2019.09.30"]
[SourceQuality "1"]

1. e4 e5 2. Nf3 Nc6 3. Bb5 a6 4. Ba4 Nf6 5. 0-0 Be7 6. Re1 b5 7. Bb3 0-0 8. h3 Bb7 9. d3 d5 10. exd5 Nxd5 11. Nxe5 Nd4 12. Bd2 c5 13. Nc3 Nxb3 14. axb3 Nb4 15. Ne4 Qd5 16. Nf3 Rfe8 17. Bxb4 cxb4 18. c4 bxc3 19. bxc3 a5 20. Re3 Bf8 21. Qe2 Bc6 22. c4 bxc4 23. bxc4 Qf5 24. Ng3 Qf4 25. Nh5 Qd6 26. d4 a4 27. Qd2 Rxe3 28. Qxe3 Qb8 29. c5 Qb2 30. Qa3 Qxa3 31. Rxa3 Rd8 32. Ne5 Bb5 33. Rg3 1/2-1/2

[Event "GER GM07-B email"]
[Site "GER email"]
[Date "2018.06.19"]
[Round "?"]
[White "Pirs, Matjaz"]
[Black "Repp, Heinrich"]
[Result "1/2-1/2"]
[WhiteElo "2513"]
[BlackElo "2510"]
[PlyCount "59"]
[EventDate "2018.??.??"]
[EventType "tourn (corr)"]
[EventRounds "13"]
[EventCountry "GER"]
[SourceTitle "Corr 2020"]
[Source "ChessBase"]
[SourceDate "2019.09.30"]
[SourceVersion "1"]
[SourceVersionDate "2019.09.30"]
[SourceQuality "1"]

1. e4 e5 2. Nf3 Nc6 3. Bb5 a6 4. Ba4 Nf6 5. Qe2 b5 6. Bb3 Be7 7. a4 Bb7 8. c3 0-0 9. 0-0 d5 10. d3 Na5 11. Bc2 b4 12. cxb4 Nc6 13. Nc3 Re8 14. Bg5 Nxb4 15. Bb3 h6 16. Bh4 Nd7 17. Bxe7 Rxe7 18. Nh4 g6 19. exd5 Nc5 20. Bc4 Nxd5 21. Rae1 Nf4 22. Qe3 Nce6 23. Qxe5 Nxd3 24. Bxd3 Qxd3 25. Re3 Qd6 26. Qf6 Ree8 27. Nf5 Qf8 28. Rg3 Rad8 29. h4 Nf4 30. Ne7+ 1/2-1/2

[Event "GER GM07-B email"]
[Site "GER email"]
[Date "2018.06.19"]
[Round "?"]
[White "Repp, Heinrich"]
[Black "Tleptsok, Ruslan Aslanovich"]
[Result "1/2-1/2"]
[WhiteElo "2510"]
[BlackElo "2524"]
[PlyCount "62"]
[EventDate "2018.??.??"]
[EventType "tourn (corr)"]
[EventRounds "13"]
[EventCountry "GER"]
[SourceTitle "Corr 2020"]
[Source "ChessBase"]
[SourceDate "2019.09.30"]
[SourceVersion "1"]
[SourceVersionDate "2019.09.30"]
[SourceQuality "1"]

1. e4 c5 2. Nf3 d6 3. d4 cxd4 4. Nxd4 Nf6 5. Nc3 a6 6. h3 e6 7. g4 h6 8. Bg2 Be7 9. Qd3 g5 10. Bd2 Nbd7 11. 0-0-0 Qb6 12. Be3 Ne5 13. Qe2 Qc7 14. f4 gxf4 15. Bxf4 Rb8 16. Kb1 b5 17. Qf2 b4 18. Nce2 a5 19. Ng3 a4 20. Rhe1 a3 21. b3 Qc3 22. Bc1 Ba6 23. Bf1 Bxf1 24. Rxf1 Nfd7 25. Nde2 Qc5 26. Be3 Qc6 27. Nh5 Rb7 28. Rd4 Bg5 29. Bxg5 hxg5 30. Nf6+ Nxf6 31. Qxf6 Rxh3 1/2-1/2

[Event "GER GM07-B email"]
[Site "GER email"]
[Date "2018.06.19"]
[Round "?"]
[White "Vinchev, Simeon Stefanov"]
[Black "Repp, Heinrich"]
[Result "1/2-1/2"]
[WhiteElo "2481"]
[BlackElo "2510"]
[PlyCount "59"]
[EventDate "2018.??.??"]
[EventType "tourn (corr)"]
[EventRounds "13"]
[EventCountry "GER"]
[SourceTitle "Corr 2020"]
[Source "ChessBase"]
[SourceDate "2019.09.30"]
[SourceVersion "1"]
[SourceVersionDate "2019.09.30"]
[SourceQuality "1"]

1. d4 d5 2. c4 c6 3. Nf3 Nf6 4. Nc3 e6 5. g3 dxc4 6. Bg2 Nbd7 7. a4 Be7 8. 0-0 0-0 9. a5 Nd5 10. Qc2 b6 11. axb6 a5 12. Rd1 h6 13. e4 Nb4 14. Qe2 Qxb6 15. Be3 Qd8 16. h4 Ba6 17. Ne1 Qc7 18. e5 Nd5 19. Bd2 Rfb8 20. Qg4 Kh8 21. Qh5 Kg8 22. Qg4 h5 23. Qxh5 Rxb2 24. Ne4 c3 25. Nxc3 Nxc3 26. Bxc3 Be2 27. Bf3 Bxd1 28. Bxb2 Bxf3 29. Nxf3 Qb6 30. Ba3 1/2-1/2

[Event "GER GM06-B email"]
[Site "GER email"]
[Date "2017.06.26"]
[Round "?"]
[White "Dunlop, Gordon"]
[Black "Repp, Heinrich"]
[Result "1/2-1/2"]
[WhiteElo "2511"]
[BlackElo "2500"]
[PlyCount "93"]
[EventDate "2017.??.??"]
[EventType "tourn (corr)"]
[EventRounds "13"]
[EventCountry "GER"]
[SourceTitle "Corr 2020"]
[Source "ChessBase"]
[SourceDate "2019.09.30"]
[SourceVersion "1"]
[SourceVersionDate "2019.09.30"]
[SourceQuality "1"]

1. e4 e5 2. Nf3 Nc6 3. Bb5 a6 4. Ba4 Nf6 5. 0-0 Be7 6. Re1 b5 7. Bb3 0-0 8. c3 d6 9. h3 Bb7 10. d4 Re8 11. Nbd2 Bf8 12. a4 exd4 13. cxd4 h6 14. Bc2 Nb4 15. Bb1 c5 16. d5 Nd7 17. Ra3 f5 18. Nh2 Qe7 19. Rae3 f4 20. Ra3 Bxd5 21. Ndf3 Bf7 22. Bxf4 Ne5 23. Ng4 Nbc6 24. Nfh2 Kh8 25. Rg3 Qe6 26. Ne3 g5 27. Bxe5+ dxe5 28. Nd5 Rac8 29. axb5 axb5 30. h4 gxh4 31. Rh3 Be7 32. Nxe7 Rxe7 33. Rxh4 Qf6 34. Rh3 Be6 35. Rf3 Qg5 36. Rg3 Rd8 37. Bd3 Qf4 38. Qh5 Bf7 39. Qg4 Qxg4 40. Nxg4 c4 41. Bf1 h5 42. Nf6 Ra7 43. Rg5 Rd6 44. Nxh5 Rg6 45. Rxg6 Bxg6 46. Ng3 Ra2 47. Rb1 1/2-1/2

[Event "GER GM06-B email"]
[Site "GER email"]
[Date "2017.06.26"]
[Round "?"]
[White "Goncharenko, Georgy"]
[Black "Repp, Heinrich"]
[Result "1/2-1/2"]
[WhiteElo "2493"]
[BlackElo "2500"]
[PlyCount "50"]
[EventDate "2017.??.??"]
[EventType "tourn (corr)"]
[EventRounds "13"]
[EventCountry "GER"]
[SourceTitle "Corr 2020"]
[Source "ChessBase"]
[SourceDate "2019.09.30"]
[SourceVersion "1"]
[SourceVersionDate "2019.09.30"]
[SourceQuality "1"]

1. e4 e5 2. Nf3 Nc6 3. Bc4 Nf6 4. d3 Be7 5. 0-0 0-0 6. Re1 d6 7. c3 Na5 8. Bb5 a6 9. Ba4 c5 10. Nbd2 b5 11. Bc2 Nc6 12. Nf1 h6 13. Ng3 Re8 14. h3 Be6 15. a4 d5 16. d4 cxd4 17. axb5 axb5 18. Rxa8 Qxa8 19. cxd4 Nxd4 20. Nxd4 exd4 21. e5 Ne4 22. Nxe4 dxe4 23. Qxd4 Rd8 24. Qxe4 Qxe4 25. Rxe4 Bc5 1/2-1/2

[Event "GER GM06-B email"]
[Site "GER email"]
[Date "2017.06.26"]
[Round "?"]
[White "Petrolo, Mauro"]
[Black "Repp, Heinrich"]
[Result "1/2-1/2"]
[WhiteElo "2560"]
[BlackElo "2500"]
[PlyCount "62"]
[EventDate "2017.??.??"]
[EventType "tourn (corr)"]
[EventRounds "13"]
[EventCountry "GER"]
[SourceTitle "Corr 2020"]
[Source "ChessBase"]
[SourceDate "2019.09.30"]
[SourceVersion "1"]
[SourceVersionDate "2019.09.30"]
[SourceQuality "1"]

1. e4 e5 2. Nf3 Nc6 3. Bb5 a6 4. Ba4 Nf6 5. 0-0 Be7 6. Re1 b5 7. Bb3 0-0 8. h3 Bb7 9. d3 d5 10. exd5 Nxd5 11. Nxe5 Nd4 12. Nd2 c5 13. c3 Nxb3 14. Nxb3 Qc7 15. c4 Bd6 16. Nxc5 Bxc5 17. cxd5 Rad8 18. d4 Rxd5 19. Be3 Bb6 20. Qg4 Qd6 21. Rad1 Ba5 22. Rf1 Bc7 23. Rc1 Bb6 24. Rfd1 Rd8 25. Rd3 h6 26. a3 Qf6 27. Rcd1 a5 28. Rc3 R5d6 29. Kh2 Qe7 30. Qg3 Bxd4 31. Bxd4 Rxd4 1/2-1/2